Moderato cantabile: novela

Guardat en:
Dades bibliogràfiques
Autor principal: Duras, Marguerite (Autor)
Format: Llibre
Idioma:espanyol
Publicat: Buenos Aires Compañía General Fabril Editora 1961
Col·lecció:Colección anaquel
Matèries:
Etiquetes: Afegir etiqueta
Sense etiquetes, Sigues el primer a etiquetar aquest registre!

MARC

LEADER 00000nam a2200000 a 4500
001 UCX2762
003 CL-VaPUC
008 910808e19610000AG |||||||||||||||||spa|d
082 0 4 |a 843  |b DUR  |2 21 
100 0 |a Duras, Marguerite  |e author  |9 318840 
245 1 0 |a Moderato cantabile: novela 
300 |a 133 p 
942 |c BK 
945 |d 19910808 00:00:00 
260 |a Buenos Aires  |b Compañía General Fabril Editora  |c 1961 
650 0 |a Novela francesa  |9 264985 
583 |a last modification  |c 19910808 00:00:00  |k Rodrigo Vera 
490 0 |a Colección anaquel 
999 |c 223710  |d 223708 
952 |0 0  |1 0  |4 0  |6 843_000000000000000_DUR_1961  |7 0  |8 P  |9 219749  |a BIBARQ  |b BIBARQ  |d 2019-11-15  |i 2650983  |o 843 DUR 1961  |p 2650983  |r 2025-01-20  |w 2019-11-15  |y BK  |k ARQ